| 000 | 00460nam a2200169Ia 4500 | ||
|---|---|---|---|
| 001 | 17684 | ||
| 008 | 140405s9999 xx 000 0 und d | ||
| 020 | _a0-7225-1446-8 | ||
| 040 | _cPK-LaUMT | ||
| 082 |
_a 613 _bJON-F |
||
| 100 | _aGraham Jones | ||
| 245 |
_aFit to manage: _bAn executive's guide to peak performance. _cGraham Jones |
||
| 260 |
_aWellingborough,England: _bThomson Publishing Group, _c1988 |
||
| 300 | _a171 p. | ||
| 546 | _aEN | ||
| 942 | _cBK | ||
| 999 |
_c18094 _d18094 |
||